Big blues : the unmaking of IBM

Bibliographic Details
Main Author: Carroll, Paul
Format: Book
Published: New York : Crown Publishing , 1993
Subjects:

MARC

LEADER 00000cam a2200000 7i4500
001 0000001585
002 000001732
005 20081202.0
020 |a 0517591979 
090 0 0 |a 338.7610040973   |b CAR 
100 1 |a Carroll, Paul 
245 1 0 |a Big blues :   |b the unmaking of IBM   |c Paul Carroll 
260 |a New York :   |b Crown Publishing ,   |c 1993 
300 |a 375p. ;   |c 23cm. 
650 0 0 |a Computer industry   |z United States   |x History 
651 0 |a International Business Machines Corporation   |x History 
999 |a 034511   |b BUKU   |c RUJUKAN   |e PERPUSTAKAAN KOMUNITI PETALING JAYA